| 000 | 00970nam a22003377a 4500 | ||
|---|---|---|---|
| 001 | 0005248 | ||
| 003 | KOHA_MİRAKIL | ||
| 005 | 20260207001437.0 | ||
| 007 | ta | ||
| 008 | 090610b1999 tu |||gr||||#0|||0|tur | | ||
| 020 | _a975756057X | ||
| 040 |
_aTR-BiSEU _btur _cTR-BiSEU _erda |
||
| 041 | 0 | _atur | |
| 044 | _ctu | ||
| 050 |
_aDR590 _b.O98 1999 |
||
| 100 | 1 | _aÖztürk, Kemal. | |
| 245 | 1 |
_aİlk Meclis/ _cKemal Öztürk ; Kemal Öztürk. |
|
| 264 | 1 |
_aİstanbul : _bİnkılab _c1999 |
|
| 300 | _a191 sayfa: resimli | ||
| 336 |
_ametin _btxt _2rdacontent |
||
| 337 |
_aaracısız _bn _2rdamedia |
||
| 338 |
_acilt _bnc _2rdacarrier |
||
| 490 | 1 |
_aİnkılab yayınları ; _v70. |
|
| 490 | 1 |
_aAraştırma dizisi ; _v35. |
|
| 500 | _aKaynakça var. | ||
| 650 | 0 |
_aTurkey--Politics and Government 1918-1923. _912605 |
|
| 830 | 1 |
_aİnkılab yayınları ; _v70. _912606 |
|
| 830 | 1 |
_aAraştırma dizisi ; _v35. _98235 |
|
| 907 | _aTarih | ||
| 942 |
_2lcc _cBK |
||
| 999 |
_c5230 _d5230 |
||